000 00400nam a2200157Ia 4500
008 210210b1997 xxu||||| |||| 00| 0 eng d
020 _a0 07 463362 7
082 _a658.8 SAXM
100 _aSAXENA (Rajan).
245 _aMarketing management.
260 _aNew Delhi.
_bT M H
_c1997
300 _axvii,571
650 _aMarketing Management
690 _aMarketing Management
906 _a053223
999 _c101570
_d101570